000 01079nam a2200217Ia 4500
999 _c35336
_d35336
001 1188
003 GE_BSU
005 20260316114006.0
008 181216s1975||||ge |||||||||||||| ||geo||
040 _cGE_BSU
041 _ageo
080 _a58(075.8) ლ-85
100 _aლორთქიფანიძე, ალექსანდრე
_927141
245 _aბოტანიკა. ნ. 2. :
_bსახელმძღვანელო სასოფლო სამეურნეო ინსტიტუტის სტუდენტებისათვის/
_cალექსანდრე ლორთქიფანიძე.
250 _a მე-2 შევს. და გადამუშ. გამოცემა
264 _aთბილისი :
_bგანათლება,
_c1975.
300 _a507 გვ. ;
_c21 სმ.
541 _h18 ლ.
653 _aბოტანიკა -- სახელმძღვანელოები უმაღლესი სასწავლებლებისათვის
942 _cBK
_2udc